000 00533nam a2200193Ia 4500
003 GCL
008 140319s9999 xx 000 0 ara d
040 _aGCL /
_cGCL
082 0 4 _a791.435
_bب ص
100 1 _aبنديك ، جين
245 1 0 _aصنع الافلام /
_cبنديك ، جين
700 1 _aمحمد على ناصف (مترجم)
700 1 _aمنيرة ناصف
300 _a168 ص
490 _a
650 0 4 _aالافلام السينمائية
650 0 4 _aالسينما - صناعة
942 _2ddc
_cBK
999 _c40047
_d40047